| LEADER 00000nam 2200000uu 4500 |
| 001 214058 |
| 003 ULIBM |
| 008 020711s2564 th a 000 0 tha d |
| 020 ^a97861640760501
|
| 041 ^atha^beng
|
| 060 4 ^aWC100 E53 2564
|
| 245 ^aEmerging and re-emerging infectious diseases "เชื้อโรครอบตัว"/^cบรรณาธิการ, รองพงศ์ โพล้งละ, วรพจน์ นิลรัตนกุล.
|
| 250 พิมพ์ครั้งที่ 1
|
| 260 ^aกรุงเทพฯ :^bสาขาวิชาโรคติดเชื้อ ภาควิชาอายุรศาสตร์ คณะแพทยศาสตร์ จุฬาลงกรณ์มหาวิทยาลัย,^c2564.
|
| 300 598 หน้า :^bภาพประกอบ ;^c26 ซม.
|
| 650 4 ^aโรคติดต่อ^xการวินิจฉัย
|
| 650 4 ^aโรคติดเชื้อ^xการรักษา
|
| 650 4 ^aโรคติดเชื้ออุบัติใหม่
|
| 650 4 ^aระบาดวิทยา
|
| 700 0 ^aรองพงศ์ โพล้งละ,^eบรรณาธิการ.
|
| 700 0 ^aวรพจน์ นิลรัตนกุล,^eบรรณาธิการ.
|
| 710 2 ^aจุฬาลงกรณ์มหาวิทยาลัย. คณะแพทยศาสตร์. ภาควิชาอายุรศาสตร์. สาขาวิชาโรคติดเชื้อ
|
| 999 ^aใช้งานได้ทุกระบบ
|